书目信息 |
| 题名: |
第十届APEC中小企业部长会议文件汇编
|
|
| 作者: | 马欣 , 苏波 , 苏波 主编 | |
| 分册: | ||
| 出版信息: | 北京 中国经济出版社 2004 |
|
| 页数: | 162页 | |
| 开本: | 21cm | |
| 丛书名: | ||
| 单 册: | ||
| 中图分类: | F279.3 | |
| 科图分类: | ||
| 主题词: | 经济发展 , 中小企业 , 中小企业--经济发展--文件--亚太地区--汇编 | |
| 电子资源: | ||
| ISBN: | 7-5017-6529-4 | |
| 000 | 01273nam0 2200349 450 | |
| 000 | 01238nam0 2200337 450 | |
| 000 | 01201nam0 2200325 450 | |
| 000 | 01119nam0 2200313 450 | |
| 000 | 01082nam0 2200301 450 | |
| 000 | 01015nam0 2200277 450 | |
| 001 | 0104000024 | |
| 005 | 20061016095442.95 | |
| 010 | @a7-5017-6529-4@dCNY16.00 | |
| 100 | @a20060515d2004 em y0chiy0110 ea | |
| 101 | 0 | @achi |
| 102 | @aCN@b110000 | |
| 105 | @ay z 000yy | |
| 200 | 1 | @a第十届APEC中小企业部长会议文件汇编@Adi shi jie APEC zhong xiao qi ye bu zhang hui yi wen jian hui bian@f苏波,马欣主编@Fsu bo,ma xin zhu bian@g本书编委会[编] |
| 210 | @a北京@c中国经济出版社@d2004 | |
| 215 | @a162页@d21cm | |
| 330 | @a本书内容包括:《中小企业工作组的报告》、《日本企业家发展策略》、《墨西哥中小型企业的融资计划》、《新加坡在创建VC市场和中小企业融资增长方面的经验》、《越南建设能力》等。 | |
| 606 | 0 | @a经济发展 |
| 606 | 0 | @a中小企业 |
| 606 | 0 | @a中小企业@x经济发展@x文件@y亚太地区@j汇编 |
| 690 | @aF279.3@v4 | |
| 701 | 0 | @a马欣@9ma xin@4主编 |
| 701 | 0 | @a苏波@9su bo@4主编 |
| 701 | 0 | @a苏波@Asu bo@4主编 |
| 801 | 0 | @aCN@b北京荣雅伟业图书经销中心@c20061016 |
| 905 | @aBZT@dF279.3@e1 | |
| 906 | @dCNY16.00@n0@r1 | |
| 第十届APEC中小企业部长会议文件汇编/苏波,马欣主编/本书编委会[编].-北京:中国经济出版社,2004 |
| 162页;21cm |
| ISBN 7-5017-6529-4:CNY16.00 |
| 本书内容包括:《中小企业工作组的报告》、《日本企业家发展策略》、《墨西哥中小型企业的融资计划》、《新加坡在创建VC市场和中小企业融资增长方面的经验》、《越南建设能力》等。 |
| ● |
| 相关链接 |
|
|
|
正题名:第十届APEC中小企业部长会议文件汇编
索取号:F279.3/1
 
预约/预借
| 序号 | 登录号 | 条形码 | 馆藏地/架位号 | 状态 | 备注 |
| 1 | 502606 | 230072401 | 中心书库北库/ 北库015架B面5列6层19/ [索取号:F279.3/1] | 在馆 | |
| 2 | 502607 | 230072400 | 中心书库北库/ 北库015架B面5列6层15/ [索取号:F279.3/1] | 在馆 | |
| 3 | 502608 | 230072399 | 中心书库北库/ 北库015架B面5列6层16/ [索取号:F279.3/1] | 在馆 | |
| 4 | 502609 | 230072398 | 中心书库北库/ 北库015架B面5列6层17/ [索取号:F279.3/1] | 在馆 | |
| 5 | 502610 | 230072397 | 中心书库北库/ 北库015架B面5列6层18/ [索取号:F279.3/1] | 在馆 |